000 00336nam a2200133Ia 4500
008 240624s9999 xx 000 0 und d
041 _aeng
082 _a658.827 VER
100 _aVERMA HARSH V
245 _aBRANDING DEMYSTIFIED PLANS TO PAYOFFS
260 _c2009
_aNew Delhi
_bResponse Books
300 _a268 : p.
365 _cRS
_b34
999 _c15710
_d15710